00386nam a2200145Ia 450000100060000000800390000608200120004510000170005724500630007425000110013726000390014830000170018765300210020465300150022566218231116n ii |||gr||||Z||||||asm a615.538 aPhukan, D P. 0aAamar BanausadhicBy Deva Prasad PhukanhTextual Documents aFirst. aGhy:bSurja Kr Bhuyan Road,c1998. a82pg:c23cm. aAamar Banausadhi aG-Gift Alm